00361nam a2200121Ia 4500008004100000082001700041100001600058245004000074260003900114365000600153630004000159730004000199100415s9999 xx 000 0 und d b160a599(70) aANTHONY, HE aAnimals of America: (ovesized Book) aNEW YORKc1937bUNIVERSITY SOCIETY b0 aAnimals of America: (ovesized Book) aAnimals of America: (ovesized Book)